LDR 00891naa#a2200205#i#450# 001 EN\\bibl\19321 005 20260418163708.6 100 ## _a20260417b2026####ek#y0engy0150####ca 102 ## _aRU 200 1# _aPHYSICAL CULTURE AS A MEANS OF FORMING THE CIVIC IDENTITY AND SOCIAL VALUES OF YOUTH IN MODERN RUSSIA (ON THE EXAMPLE OF VORONEZH STUDENTS) _eConference article/thesis 210 1# _aVoronezh _cFSBE Institution of Higher Education Voronezh State University of Forestry and Technologies named after G.F. Morozov _d2026 215 ## _a8 с. 608 ## _aConference article/thesis _2local 675 ## _aРоль физкультуры и спорта в воспитании и общем развитии личности. 796.011.1 _z 700 #1 _aAlekhina _gO. V. 700 #1 _aSerishev _gA. V. 700 #1 _aGorlov _gD. O. 700 #1 _aValiev _gS. K. 700 #1 _aKuznetsov _gI. V. 856 4# _abibl.vgltu.ru _u